01126nam a22002297a 45000010005000000030006000050050017000110080041000280200018000690400029000870500015001160820012001311000027001432450076001702500027002462600035002733000045003085200428003536500039007816500039008207000037008594934FISKH20241025121453.0241025b cb ||||| |||| 00| 0 eng d a9780545299749 aFISKHbengcFISKHdFISKH aQL737.C214 a599.789 aRyder, Joanned(1946-) aPanda kindergarten /cBy Joanne Ryder Photographs by Dr. Katherine Feng aFirst printing in 2010 aNew York :bScholastic,c2010. a30 pages ;bColor illustrations ;c23 cm aSchool is in session! But this is no ordinary kindergarten class. Meet sixteen young giant panda cubs at the China Conservation and Research Center for the Giant Panda at the Wolong Nature Preserve. The cubs are raised together from infancy in a protected setting, where they grow strong. Under the watchful eyes of the scientists and workers, the cubs learn skills that will help prepare them to be released into the wild. 2KindergartenaPandasvPicture book 2Non-fictionaConservationvAnimals aDr. Feng, KatherinedIllustrator